Library Banner

Kitabul toheed =کتاب التوحید / (Record no. 136850)

MARC details
000 -LEADER
fixed length control field 00542nam a22001697a 4500
005 - DATE AND TIME OF LATEST TRANSACTION
control field 20250210111942.0
008 - FIXED-LENGTH DATA ELEMENTS--GENERAL INFORMATION
fixed length control field 250210b |||||||| |||| 00| 0 eng d
020 ## - INTERNATIONAL STANDARD BOOK NUMBER
International Standard Book Number 9693205537
040 ## - CATALOGING SOURCE
Transcribing agency PK-LaUMT
082 ## - DEWEY DECIMAL CLASSIFICATION NUMBER
Classification number 27.2113
Item number TAH-K
100 ## - MAIN ENTRY--PERSONAL NAME
Personal name Tahir ul Qadiri, Muhammad = طاہر القادری، محمد
245 ## - TITLE STATEMENT
Title Kitabul toheed =کتاب التوحید /
Statement of responsibility, etc by Muhammad Tahir ul Qadiri = محمد طاہرالقادری
260 ## - PUBLICATION, DISTRIBUTION, ETC. (IMPRINT)
Place of publication, distribution, etc Lahore :
Name of publisher, distributor, etc Minhaj ul Quran,
Date of publication, distribution, etc 2007
300 ## - PHYSICAL DESCRIPTION
Extent 874 p.
546 ## - LANGUAGE NOTE
Language note Urdu
942 ## - ADDED ENTRY ELEMENTS (KOHA)
Koha item type Books
Holdings
Withdrawn status Lost status Damaged status Home library Current library Date acquired Full call number Barcode Date last seen Copy number Price effective from Koha item type
      UMT Main Campus UMT Main Campus 2025-02-10 27.2113 TAH-K 148726 2025-02-10 Vol.1 2025-02-10 Books